000 00852nam a2200193Ia 4500
008 191130s2009##################000#0#tam##
020 _a9788123201597
040 _aACL
_cACL
082 _a307.8 BIN
100 _aபின்துல் இஸ்லாம்
245 _aஉறவுகளும் உரிமைகளும்
_cஆசிரியர் பின்துல் இஸ்லாம் ; தமிழில் அப்துல் அஜூஸ் ரஸாதி
260 _aசென்னை
_bஇஸ்லாமிய நிறுவனம் ட்ரஸ்ட்
_c2009
300 _a168 p.
500 _a1st ed. 2003
650 _aதமிழர் வரலாறும் பண்பாடும்
990 _ac7d87995ac10000c59eeeb2ff5e7102c
991 _a7935
999 _c105281
_d105281